000 01229cam a2200133 4500500
005 20260329064618.0
041 _afre
042 _adc
100 1 0 _aRohou, Jean
_eauthor
245 0 0 _aJean Racine : Bilan critique
260 _bArmand Colin,
_c2005.
520 _aNouvelle présentationCe livre présente les nouvelles interprétations d’une œuvre apparemment limpide, mais qui a suscité les lectures les plus différentes. Il reprend l’histoire de la réception de l’œuvre de Racine, la grande querelle des années soixante et les acquis récents de la critique. Il expose les diverses visions du tragique racinien, les analyses qui ont été faites des structures, des thèmes et du style des œuvres. Puis présente quelques interprétations des cinq pièces majeures : Andromaque, Britannicus, Bérénice, Phèdre et Athalie. Enfin, un guide bibliographique indique, pour chaque aspect de l’œuvre et pour chaque tragédie, les principaux instruments de travail.Réceptions de l’œuvre de Racine. Vision, structures, thèmes et style. Cinq chefs-d’œuvre parmi d’autres. Guide bibliographique.
856 4 1 _uhttps://shs.cairn.info/jean-racine--9782200344542?lang=fr&redirect-ssocas=7080
999 _c2016201
_d2016201